Las ciencias naturales al alcance de los niños. Programa de historia natural, física y química

Zapisane w:
Opis bibliograficzny
1. autor: Nata Gayoso, Luis (autor)
Kolejni autorzy: Pla Vilallonga, Juan (autor)
Format: Książka
Język:hiszpański
Wydane: Barcelona Antonio J. Bastinos 1900
Hasła przedmiotowe:
Etykiety: Dodaj etykietę
Nie ma etykietki, Dołącz pierwszą etykiete!

MARC

LEADER 00000nam a2200000 a 4500
001 UCI4386
003 CL-VaPUC
005 20231109073941.0
008 080118e19000000SP |||||||||||||||||spa|d
999 |c 328328  |d 328326 
040 |c Pontificia Universidad Católica de Valparaíso 
082 0 4 |a 372.357  |b NAT  |2 21 
100 |a Nata Gayoso, Luis  |e autor  |9 526277 
245 1 4 |a Las ciencias naturales al alcance de los niños. Programa de historia natural, física y química 
260 |a Barcelona  |b Antonio J. Bastinos  |c 1900 
300 |a 351 p 
500 |a Donacion Padres Capuchinos 
583 |a last modification  |c 20080118 00:00:00  |k Rodrigo Vera 
650 7 |a ENSEÑANZA DE LAS CIENCIAS NATURALES  |2 CL-VaPUC  |9 526279 
650 0 |a Historia natural   |9 268584 
650 0 |a enseñanza de la física   |9 339846 
650 0 |a Enseñanza de la química  |9 339845 
650 0 |a Zoología  |9 261613 
650 0 |a Botánica  |9 264202 
650 0 |a Mineralogía  |9 267055 
650 0 |a Geología   |9 260984 
700 |a Pla Vilallonga, Juan  |e autor  |9 873163 
942 |c BK  |2 ddc 
945 |d 20080118 00:00:00  |a rbrito 
952 |0 0  |1 0  |4 0  |6 372_357000000000000_NAT_1900  |7 0  |8 X  |9 412192  |a FDOBUD  |b FDOBUD  |d 2019-11-22  |i 4401816  |o 372.357 NAT 1900  |p 4401816  |r 2019-11-22  |w 2019-11-22  |y BK_X  |k BUD